La deuda externa en el siglo XIX (Registro nro. 820)
[ vista simple ]
| 000 -CABECERA | |
|---|---|
| Longitud fija campo de control | 00917nam a2200277Ia 4500 |
| 005 - • FECHA Y HORA DE LA ÚLTIMA TRANSACCIÓN | |
| Fecha y hora de la última transacción | 20220316235406.0 |
| 008 - • CÓDIGOS DE INFORMACIÓN DE LONGITUD FIJA | |
| Códigos de información de longitud fija | 121119s1995 ck gr 000 0 spa |
| 020 ## - • NÚMERO INTERNACIONAL NORMALIZADO PARA LIBROS | |
| Número Internacional Normalizado para Libros (ISBN) | 9586016196 |
| 041 0# - • CÓDIGO DE LENGUA | |
| Código de lengua del texto/banda sonora o título independiente | spa |
| 082 04 - • NÚMERO DE LA CLASIFICACIÓN DECIMAL DEWEY | |
| Número de clasificación (R) | 336.3435 |
| Número del ítem | J85d |
| 040 ## - FUENTE DE LA CATALOGACIÓN | |
| Centro catalogador de origen | CO-BoRNBP |
| Lengua de catalogación | spa |
| Normas de descripción | rda |
| Centro transcriptor | CO-BoRNBP |
| 100 1# - • PUNTO DE ACCESO PRINCIPAL-NOMBRE DE PERSONA | |
| Nombre de persona | Junguito Bonnet, Roberto, |
| 245 13 - • TITULO PROPIAMENTE DICHO | |
| Título | La deuda externa en el siglo XIX |
| Resto del título | cien años de incumplimiento |
| Mención de responsabilidad, etc. | Roberto Junguito Bonnet |
| 250 ## - • MENCIÓN DE EDICIÓN | |
| Mención de edición | Primera edición |
| 264 #1 - PRODUCCIÓN, PUBLICACIÓN , DISTRIBUCIÓN, FABRICACIÓN Y COPYRIGHT | |
| Lugar de producción, publicación, distribución, fabricación | Santafé de Bogotá |
| Nombre del productor, editor, distribuidor, fabricante | Tercer Mundo |
| Fecha de de producción, publicación, distribución, fabricación o copyright | 1995 |
| 300 ## - • DESCRIPCIÓN FÍSICA | |
| Extensión | 225 páginas |
| 336 ## - TIPO DE CONTENIDO | |
| Término de tipo de contenido | texto |
| Código de tipo de contenido | txt |
| Fuente | rdacontent |
| 337 ## - TIPO DE MEDIO | |
| Nombre del tipo de medio | sin mediación |
| Código del tipo de medio | n |
| Fuente | rdamedia |
| 338 ## - TIPO DE SOPORTE | |
| Nombre del tipo de soporte | volumen |
| Código del tipo de soporte | nc |
| Fuente | rdacarrier |
| 490 0# - • MENCIÓN DE SERIE | |
| Mención de serie | Historia económica |
| 650 14 - • PUNTO DE ACCESO ADICIONAL DE MATERIA - TÉRMINO DE MATERIA | |
| Fuente del encabezamiento o término | LEMB |
| Término de materia o nombre geográfico como elemento inicial | Deuda externa |
| Subdivisión de materia general | Historia |
| Subdivisión geográfica | Colombia |
| 650 14 - • PUNTO DE ACCESO ADICIONAL DE MATERIA - TÉRMINO DE MATERIA | |
| Fuente del encabezamiento o término | LEMB |
| Término de materia o nombre geográfico como elemento inicial | Deuda externa |
| Subdivisión de forma | Finanzas |
| 651 #4 - • PUNTO DE ACCESO ADICIONAL DE MATERIA - NOMBRE GEOGRÁFICO | |
| Nombre geográfico | Colombia |
| Subdivisión de materia general | Historia |
| Subdivisión cronológica | Siglo XX |
| 651 #4 - • PUNTO DE ACCESO ADICIONAL DE MATERIA - NOMBRE GEOGRÁFICO | |
| Nombre geográfico | Colombia |
| Subdivisión de materia general | Condiciones económicas |
| 942 ## - ENTRADA DE ELEMENTOS AGREGADOS (KOHA) | |
| Fuente de clasificaión o esquema | Dewey Decimal Classification |
| Koha [por defecto] tipo de item | LIbro |
| Perdido | Fuente de clasificación o esquema | Estado Físico | No para préstamo | Forma de adquisición | Localización permanente | Localización actual | Localización en estanterías | Fecha adquisición | Préstamos totales | Signatura completa | Código de barras | Fecha última consulta | Número de copia | Fecha del precio de reemplazo | Tipo de item de Koha |
|---|---|---|---|---|---|---|---|---|---|---|---|---|---|---|---|
| Dewey Decimal Classification | Colección General | Biblioteca Pública Cubarral | Biblioteca Pública Cubarral | General | 08/04/2023 | 336.3435 J85d | CUB02268 | 08/04/2023 | Ej.1 | 08/04/2023 | LIbro | ||||
| Dewey Decimal Classification | Colección General | Biblioteca Pública Fuentedeoro - Henry Llanos García | Biblioteca Pública Fuentedeoro - Henry Llanos García | General | 05/04/2023 | 336.3435 J85d | Fo0000267 | 05/04/2023 | Ej.1 | 05/04/2023 | LIbro | ||||
| Dewey Decimal Classification | Colección General | Biblioteca Pública Lejanias | Biblioteca Pública Lejanias | General | 06/26/2023 | 336.3435 J85d | LEJ00272 | 06/26/2023 | Ej.1 | 06/26/2023 | LIbro | ||||
| Dewey Decimal Classification | Colección General | Biblioteca Pública Puerto Lleras | Biblioteca Pública Puerto Lleras | General | 05/12/2023 | 336.3435 | PL000313 | 05/12/2023 | Ej.1 | 05/12/2023 | LIbro | ||||
| Dewey Decimal Classification | Colección General | Biblioteca Pública Restrepo | Biblioteca Pública Restrepo | General | 07/08/2025 | 336.3435 J85d | RES00412 | 07/08/2025 | Ej.1 | 07/08/2025 | LIbro | ||||
| Dewey Decimal Classification | Colección General | Biblioteca Pública San Carlos de Guaroa - Eduardo Carranza | Biblioteca Pública San Carlos de Guaroa - Eduardo Carranza | General | 03/20/2025 | 336.3435 J85d | SG02776 | 03/20/2025 | Ej.1 | 03/20/2025 | LIbro | ||||
| Dewey Decimal Classification | Colección General | Biblioteca Pública El Castillo - Alfonso Meneses | Biblioteca Pública El Castillo - Alfonso Meneses | General | 06/01/2023 | 338.3435 J85d | EC00599 | 06/01/2023 | Ej.1 | 06/01/2023 | LIbro | ||||
| Dewey Decimal Classification | Colección General | Biblioteca Pública Guamal | Biblioteca Pública Guamal | General | 03/14/2023 | 336.3435 J85d | GUA002243 | 03/14/2023 | Ej.1 | 03/14/2023 | LIbro | ||||
| Dewey Decimal Classification | Colección General | Biblioteca Pública La Macarena | Biblioteca Pública La Macarena | General | 07/25/2025 | 336.3435 J85d | LM02725 | 07/25/2025 | Ej.1 | 07/25/2025 | LIbro | ||||
| Dewey Decimal Classification | Colección General | Biblioteca Pública Mapiripan | Biblioteca Pública Mapiripan | General | 07/06/2023 | 336.3435J85d | MAP0000336 | 07/06/2023 | Ej.1 | 07/06/2023 | LIbro | ||||
| Dewey Decimal Classification | Colección General | Biblioteca Pública Puerto Rico | Biblioteca Pública Puerto Rico | General | 01/24/2023 | 336.3435J85d | PR000000319 | 01/24/2023 | Ej.1 | 01/24/2023 | LIbro | ||||
| Dewey Decimal Classification | Colección General | Biblioteca Pública San Juan de Arama - Concepción de Arama | Biblioteca Pública San Juan de Arama - Concepción de Arama | General | 07/05/2023 | 336 3435 J85D | SJA00508 | 07/05/2023 | Ej.1 | 07/05/2023 | LIbro | ||||
| Dewey Decimal Classification | Colección General | Biblioteca Pública Uribe - Reinerio Arenas | Biblioteca Pública Uribe - Reinerio Arenas | General | 07/17/2024 | 338.3435 J85d | URI00374 | 07/17/2024 | Ej.1 | 07/17/2024 | LIbro | ||||
| Dewey Decimal Classification | Colección General | Biblioteca Pública Vistahermosa | Biblioteca Pública Vistahermosa | General | 07/19/2023 | 336.3435 J85d | VIS00295 | 07/19/2023 | Ej.1 | 07/19/2023 | LIbro |